00577nam a22001937a 450000500170000001000130001702000240003003500130005403700160006704000120008308200160009510000190011124500830013026000420021327000610025530000250031665000310034165000110037220170124110225.0 aB-091824 c1300.00a8187498870 aB-091824 aCen Lib/Ret aDPLbEN a342.06bJAI aJai, Janak Raj aCommissions and omissions in the administration of justice /cby Janak Raj Jai aNew DelhibRegency Publicationsc2003 bNew Delhia110008e20/36-G, Old Market, West Patel Nagar avii,530p. c23cm(Hb) aJustice, Administration of aCourts